00363nam a2200157Ia 4500008004100000041000800041082001400049100002100063245004100084250001400125260002700139300000800166365000700174500000700181650001700188231222s2000 xx 000 0 und d aeng a615.1/GAU aDr.Rupesh Gautam aA Practical Book of Pharmacoogy -III a2nd April bNirali Prakashanc2000 a73p cRS aBV aPharmacology